Plant breeding (Record no. 8284)

MARC details
000 -LEADER
fixed length control field 00581nam a22001937a 4500
003 - CONTROL NUMBER IDENTIFIER
control field OSt
005 - DATE AND TIME OF LATEST TRANSACTION
control field 20260205005720.0
008 - FIXED-LENGTH DATA ELEMENTS--GENERAL INFORMATION
fixed length control field 260205b |||||||| |||| 00| 0 eng d
020 ## - INTERNATIONAL STANDARD BOOK NUMBER
International Standard Book Number 978-1-926692-25-8
040 ## - CATALOGING SOURCE
Original cataloging agency DWCL-Main Lib
Transcribing agency OC
082 ## - DEWEY DECIMAL CLASSIFICATION NUMBER
Classification number Circ. 631.52 P713 2010
245 ## - TITLE STATEMENT
Title Plant breeding
260 ## - PUBLICATION, DISTRIBUTION, ETC.
Place of publication, distribution, etc. Oakville, On :
Name of publisher, distributor, etc. Apple Academic Press,
Date of publication, distribution, etc. c2010.
300 ## - PHYSICAL DESCRIPTION
Extent 304 p. :
Other physical details ill. ;
Dimensions 24 cm.
501 ## - WITH NOTE
With note Includes references and index.
650 ## - SUBJECT ADDED ENTRY--TOPICAL TERM
Topical term or geographic name entry element Plant breeding - research and studies.
700 ## - ADDED ENTRY--PERSONAL NAME
Personal name CARMEN, STRONCONE
Relator term Editor
942 ## - ADDED ENTRY ELEMENTS (KOHA)
Source of classification or shelving scheme Dewey Decimal Classification
Koha item type Book Circulation
Call number suffix Circ.
Suppress in OPAC No
952 ## - LOCATION AND ITEM INFORMATION (KOHA)
--
Holdings
Withdrawn status Lost status Source of classification or shelving scheme Damaged status Not for loan Home library Current library Shelving location Date acquired Source of acquisition Total Checkouts Full call number Barcode Date last seen Copy number Price effective from Koha item type Uniform Resource Identifier
    Dewey Decimal Classification     Junior High School Library Junior High School Library Circulation 09/04/2010 Library Fund   Circ. 631.52 P713 2010 JHS - 15758 02/05/2026 c1 02/05/2026 BK-CIRC